[Event "IECC M email"]
[Site "IECC email"]
[Date "2001.09.27"]
[Round "?"]
[White "Johnson, Bernard S"]
[Black "Dunn, Ewen"]
[Result "1-0"]
[WhiteElo "1468"]
[BlackElo "1300"]
[PlyCount "69"]
[EventDate "2001.??.??"]
[EventType "tourn (corr)"]
[EventRounds "6"]
[SourceTitle "Corr 2008"]
[Source "ChessBase"]
[SourceDate "2008.06.24"]
[SourceVersion "1"]
[SourceVersionDate "2008.06.24"]
[SourceQuality "1"]

1. e4 c5 2. Nf3 d6 3. d4 cxd4 4. Nxd4 Nf6 5. Nc3 e6 6. Be3 Nc6 7. Bb5 Bd7 8. 0-0 Be7 9. f4 0-0 10. a4 a6 11. Be2 Nxd4 12. Qxd4 Bc6 13. Rad1 Qc7 14. Bf3 Rfd8 15. Qb6 Qxb6 16. Bxb6 Rd7 17. f5 e5 18. Rd2 Bd8 19. Bxd8 Raxd8 20. Rfd1 b6 21. Kf2 Kf8 22. g4 h6 23. h4 g5 24. fxg6 fxg6 25. g5 hxg5 26. hxg5 Ne8 27. Be2 Bb7 28. Bc4 Nc7 29. Ke3 Ke7 30. Rh2 d5 31. exd5 Bxd5 32. Rh7+ Ke6 33. Rxd7 Rxd7 34. Nxd5 Nxd5+ 35. Ke4 1-0